Beyond the bottom line (Бичлэгийн дугаар. 145879)
| 000 -УДИРДЛАГА | |
|---|---|
| Удирдлага | 00805nam a22002777a 4500 |
| 003 - ХЯНАЛТЫН ТОО ТОДОРХОЙЛОГЧ | |
| Код | MN-UlNUM |
| 005 - БИЧИЛТ ХИЙСЭН ОГНОО | |
| Тухайн бичилтийг бичсэн засварласан сүүлийн огноо | 20251209142953.0 |
| 008 - ЕРӨНХИЙ МЭДЭЭЛЭЛ | |
| Ерөнхий мэдээлэл | 251209r19871985nyu||||| |||| 001 0 eng | |
| 020 ## - ISBN | |
| ISBN | 0140093656 |
| 040 ## - БИЧЛЭГ ҮҮСГЭГЧ БАЙГУУЛЛАГА | |
| Бичлэг үүсгэгч номын сангийн код | МУИС-ийн номын сан |
| 084 ## - ББК АНГИЛАЛ | |
| Нэмэлт тусгалт | Бусад |
| ББК ангилал | 87.7 |
| Зохиогчийн гурван тэмдэгт | T 12 |
| Мэдлэгийн ялгаа | 87 - Гүн ухаан |
| 100 1# - ЗОХИОГЧ | |
| Зохиогчийн нэр | Tuleja, Tad, |
| Зохиогчийн огноо | 1944- |
| 245 10 - ҮНДСЭН ГАРЧИГ | |
| Номын нэр | Beyond the bottom line |
| Бага гарчгийн мэдээ | how business leaders are turning principles into profits |
| Оролцогчдын тухай мэдээ | Tad Tuleja. |
| 260 ## - ГАРАЛТЫН МЭДЭЭ | |
| Хэвлэгдсэн газар | New York, NY |
| Хэвлэлийн газар | Penguin Books, |
| Хэвлэгдсэн он | 1987. |
| 300 ## - МАТЕРИАЛЫН ТОДОРХОЙЛОЛТ | |
| хуудасны тоо | xii, 228 p. ; |
| Хэмжээ | 21 cm. |
| 500 ## - Тайлбар | |
| Дансны дугаар | БС 4551 |
| 546 ## - ХЭЛНИЙ ТУХАЙ МЭДЭЭ | |
| Хэл | Англи хэл дээр, |
| 653 ## - Түлхүүр үг | |
| Түлхүүр үг | business ethics |
| 653 ## - Түлхүүр үг | |
| Түлхүүр үг | executives |
| 653 ## - Түлхүүр үг | |
| Түлхүүр үг | social responsibility |
| 740 ## - НОМЫН ГАРЧИГ | |
| Гарчиг | Principles and premises |
| 740 ## - НОМЫН ГАРЧИГ | |
| Гарчиг | The five stakeholder constituencies |
| 740 ## - НОМЫН ГАРЧИГ | |
| Гарчиг | Problems and prospects |
| 942 ## - ЭЛЕМЕНТИЙН ТӨРӨЛ | |
| Зүйлийн төрөл | Ном |
